[Event "Matanzas Copa Nacional"]
[Site "Matanzas"]
[Date "1999.??.??"]
[Round "11"]
[White "Sotolongo, Noslen"]
[Black "Gonzalez, Daniel"]
[Result "1-0"]
[WhiteElo "2186"]
[BlackElo "2090"]

1.d4 g6 2.e4 Bg7 3.Nc3 d6 4.Bc4 Nf6 5.h3 O-O 6.Be3 Na6 7.Qf3 c5 8.Bxa6 bxa6
9.e5 dxe5 10.dxe5 Nd7 11.Qxa8 Qb6 12.O-O-O Bb7 13.Nd5 Bxa8 14.Nxb6 Nxb6 15.f4 Rc8
16.Ne2 Bxg2 17.Rh2 Nd5 18.Bd2 Bf3 19.Rf2 Bh5 20.Ba5 e6 21.Re1 g5 22.Ng3 Bg6
23.fxg5 Nb4 24.Bxb4 cxb4 25.Ne4 Bxe5 26.Nf6+ Bxf6 27.gxf6 Rc5 28.Rd1 Rd5
29.Rxd5 exd5 30.Kd2 Kf8 31.Ke3 Ke8 32.Kd4 Be4 33.Kc5 b3 34.axb3 Kd7 35.c4 dxc4
36.bxc4  1-0

[Event "Fide Mercenarios 40th"]
[Site "Mexico"]
[Date "1999.??.??"]
[Round "7"]
[White "Rosas, Raul"]
[Black "Figueroa, David"]
[Result "1-0"]
[WhiteElo "2150"]
[BlackElo "2000"]

1.e4 g6 2.d4 d6 3.Nc3 Bg7 4.Be3 Nf6 5.f3 a6 6.Qd2 Nbd7 7.O-O-O b5 8.h4 Bb7
9.a3 Nb6 10.g4 Qd7 11.h5 O-O-O 12.h6 Bf8 13.d5 c5 14.dxc6 Qxc6 15.g5 Nfd7
16.Nd5 Kb8 17.Nxb6 Nxb6 18.Qd4 Rc8 19.Rd2 Qc5 20.Qxh8 Qxe3 21.Qd4 Qxd4 22.Rxd4 e5
23.Rd3 Be7 24.Nh3 Rd8 25.Bg2 Bc8 26.Rg1 Bxh3 27.Bxh3 Kb7 28.c3 Nc4 29.Kc2 Kc6
30.Bf1 f6 31.b3 Nxa3+ 32.Kb2 b4 33.gxf6 Bxf6 34.c4 Bh4 35.Rg2 a5 36.Rd5 Be1
37.Rxa5 Bc3+ 38.Kc1 Rf8 39.Be2 Kb6 40.Rd5 Kc6 41.Rg4 Rf6 42.Ra5 Kb6 43.Ra8 g5
44.Rxg5 Rxh6 45.Rag8 Kc5 46.f4 Kd4 47.fxe5 dxe5 48.Rh5 Ra6 49.Rh3 Kxe4 50.Rg4+  1-0

[Event "Fan Adams Int"]
[Site "New York "]
[Date "1999.??.??"]
[Round "2"]
[White "Payen, Arnaud"]
[Black "Kreiman, Boris"]
[Result "0-1"]
[WhiteElo "2415"]
[BlackElo "2470"]

1.d4 g6 2.e4 Bg7 3.Nc3 d6 4.Be3 a6 5.a4 Nf6 6.h3 O-O 7.Nf3 b6 8.Be2 Bb7 9.d5 c6
10.O-O cxd5 11.exd5 Nbd7 12.Bc4 Qc7 13.Qe2 Rfc8 14.Bb3 Nc5 15.Ba2 Qd7 16.Bc4 Qc7
17.Ba2 Nfe4 18.Nxe4 Nxe4 19.c3 Nc5 20.Bxc5 bxc5 21.Bc4 Qd7 22.Rfe1 Rc7 23.Qd3 Bc8
24.Re3 Rca7 25.b3 Rb8 26.Rae1 Bf6 27.g4 Qd8 28.Kh2 h6 29.Kg3 Rab7 30.Nd2 Ra7
31.R1e2 Rba8 32.f4 Bg7 33.Nf3 Rb8 34.Re1 Rbb7 35.Nh4 Bf6 36.Nf3 Bg7 37.Nd2 Rc7
38.Kg2 Ra8 39.Nf1 Bb7 40.Kg1 Bf6 41.f5 Kg7 42.Qe4 Qh8 43.Qd3 Bc8 44.Ng3 Rb8
45.R1e2 Qg8 46.Qe4 Bd7 47.Rg2 Kh8 48.Ne2 gxf5 49.gxf5 Qh7 50.Rf3 a5 51.Qd3 Rcb7
52.Ng3 Be5 53.Nh5 Rg8 54.Rg4 Rxg4+ 55.hxg4 Qg8 56.Qe4 Qg5 57.Kg2 Rb8 58.Kh3 Rg8
59.Be2 f6 60.Rd3 c4 61.bxc4 Bxa4 62.Rf3 Bc2 63.Bd3 Bd1 64.c5 Bxf3 65.Qxf3 Qd2
66.Ng3 Bxg3 67.Qxg3 h5 68.cxd6 hxg4+ 69.Qxg4 Qxd3+  0-1

[Event "Fan Adams Int"]
[Site "New York "]
[Date "1999.??.??"]
[Round "3"]
[White "Waitzkin, Joshua"]
[Black "Lapshun, Yurij"]
[Result "1-0"]
[WhiteElo "2465"]
[BlackElo "2455"]

1.e4 g6 2.d4 Bg7 3.Nc3 d6 4.Bg5 a6 5.Qd2 b5 6.Nf3 Bb7 7.a4 b4 8.Nd5 a5 9.Bc4 h6
10.Qf4 Nf6 11.Bxf6 exf6 12.O-O O-O 13.Rfe1 Nd7 14.c3 bxc3 15.bxc3 c6 16.Ne3 Nb6
17.Bd3 Ba6 18.Bc2 Nc4 19.h4 h5 20.Nxc4 Bxc4 21.Nd2 Be6 22.Rab1 Rb8 23.Bb3 Kh7
24.Bxe6 fxe6 25.Nc4 Rxb1 26.Rxb1 d5 27.Nd2 Rf7 28.Nf3 Qc7 29.Qe3 Bh6 30.Qe2 dxe4
31.Qxe4 Re7 32.g3 Kg7 33.Qe2 c5 34.Qa6 Kf7 35.Qa8 cxd4 36.Rb8 Qa7 37.Nxd4 Qxa8
38.Rxa8 e5 39.Nb5 e4 40.Rxa5 e3 41.fxe3 Bxe3+ 42.Kg2 Rd7 43.Ra8 Rd2+ 44.Kf3 Bg1
45.a5 Ke6 46.Re8+ Kd7 47.Re1 Bc5 48.Ra1 Kc6 49.Nd4+ Kb7 50.a6+ Ka8 51.Nb5 Rd3+
52.Ke4 Rd7 53.Rf1 Be7 54.c4 Kb8 55.Rb1 Ka8 56.Rb3 Bc5 57.Rf3 Be7 58.Rf1 Kb8
59.Nd4 f5+ 60.Ke5 Rc7 61.Rc1 Ka8 62.Ke6 Ba3 63.Rc2 Bf8 64.Nb5 Rc6+ 65.Kd7 Rb6
66.Re2 Rb8 67.Ra2 Bc5 68.a7  1-0

[Event "Fan Adams Int"]
[Site "New York "]
[Date "1999.??.??"]
[Round "5"]
[White "Gross, David2"]
[Black "Burnett, Ronald"]
[Result "0-1"]
[WhiteElo "2370"]
[BlackElo "2420"]

1.e4 g6 2.d4 Bg7 3.Nc3 d6 4.Nf3 Nf6 5.Be3 O-O 6.Qd2 a6 7.Bd3 b5 8.a4 b4 9.Nd5 Nxd5
10.exd5 Bb7 11.Qxb4 Bxd5 12.Be2 Nc6 13.Qd2 Rb8 14.Rb1 Rb4 15.O-O Qb8 16.c3 Rxa4
17.b4 Ra2 18.Qd1 Qd8 19.Ra1 Rxa1 20.Qxa1 e5 21.dxe5 Nxe5 22.Nxe5 Bxe5 23.Bxa6 Qf6
24.Qd1 Be4 25.Bd3 Bxd3 26.Qxd3 Bxc3 27.Rc1 Bxb4 28.Rxc7 Ra8 29.Bd4 Qe6 30.g3 Re8
31.Rc1 Qd5 32.Qc4 Qxc4 33.Rxc4 Bc5 34.Kg2 Re4 35.Rxc5 dxc5 36.Bxc5 f6 37.h4 Kf7
38.Be3 Ke6 39.Kf3 Kf5 40.Bd2 Ra4 41.Bc1 Rb4 42.Bd2 Rb3+ 43.Be3 Ra3 44.Kg2 Ke4
45.Bc5 Rf3 46.Bb6 Rf5 47.Be3 Kd3 48.Bb6 Ke2 49.Ba7 Rf3 50.Bc5 f5 51.Bb6 f4
52.gxf4 Rxf4 53.Kg3 Rf3+ 54.Kg2 h5 55.Bc5 Rf4  0-1

[Event "Fan Adams Int"]
[Site "New York "]
[Date "1999.??.??"]
[Round "6"]
[White "Shahade, Gregory"]
[Black "Sokolin, Leonid M"]
[Result "0-1"]
[WhiteElo "2385"]
[BlackElo "2515"]

1.e4 g6 2.d4 Bg7 3.Nc3 d6 4.Nf3 a6 5.Be3 b5 6.Bd3 Bb7 7.Qd2 Nd7 8.a4 b4 9.Ne2 c5
10.O-O cxd4 11.Bxd4 e5 12.Qxb4 Qc7 13.Be3 Ngf6 14.Nc3 O-O 15.h3 d5 16.exd5 Nxd5
17.Nxd5 Bxd5 18.Nd2 Rfb8 19.Qh4 Rxb2 20.Rad1 Ra2 21.Nb3 Qc6 22.Qg3 e4 23.Na5 Qxa4
24.Qd6 Qxa5 25.Qxd7 exd3  0-1

[Event "RUS-ch sf"]
[Site "Novosibirsk"]
[Date "1999.??.??"]
[Round "4"]
[White "Skvortsov, A."]
[Black "Efimov, Nikita"]
[Result "1-0"]
[WhiteElo "2335"]
[BlackElo "2224"]

1.e4 g6 2.d4 Bg7 3.Nc3 d6 4.Be3 Nf6 5.f3 c6 6.a4 b6 7.Qd2 Ba6 8.Nge2 Nbd7
9.b4 Bc4 10.Nb1 e5 11.Na3 Be6 12.c4 d5 13.b5 exd4 14.Nxd4 dxe4 15.Nxc6 Qc7
16.Bf4 Qb7 17.Be2 O-O 18.O-O Nc5 19.Qe3 Rfe8 20.fxe4 Nfxe4 21.Rae1 f5 22.Bf3 Qf7
23.Ne5 Qf8 24.a5 Bf7 25.Nxf7 Qxf7 26.Bg5 Kh8 27.Bh6 Bxh6 28.Qxh6 Qe7 29.Qe3 Rad8
30.Rd1 Qe5 31.axb6 axb6 32.Nc2 Qe6 33.Rd4 Ra8 34.Nb4 Ra4 35.Nd5 Ra2 36.Nc7 Qe5
37.Nxe8 f4 38.Rxe4 Nxe4  1-0

[Event "GER-ch U16"]
[Site "Oberhof"]
[Date "1999.??.??"]
[Round "?"]
[White "De Wiljes, Jan Hendrik"]
[Black "Dallakian, Oleg"]
[Result "1-0"]
[WhiteElo "1765"]
[BlackElo "1950"]

1.e4 g6 2.d4 Bg7 3.Nc3 d6 4.Be3 Nf6 5.f3 c6 6.Qd2 O-O 7.Bh6 b5 8.g4 e5 9.Bxg7 Kxg7
10.h4 Qb6 11.Nce2 Be6 12.h5 a5 13.hxg6 fxg6 14.Qh6+ Kg8 15.g5 Nh5 16.Rxh5 gxh5
17.Qxe6+ Kg7 18.Qh6+ Kg8 19.Bh3  1-0

[Event "GER-ch U16"]
[Site "Oberhof"]
[Date "1999.??.??"]
[Round "?"]
[White "Liebold, Thomas"]
[Black "Kruck, Daniel"]
[Result "1-0"]
[WhiteElo "2120"]
[BlackElo "2215"]

1.d4 d6 2.e4 g6 3.Nc3 Bg7 4.f4 h5 5.Bc4 Bg4 6.Qd3 Nc6 7.h3 Bd7 8.Nf3 Na5
9.O-O Nh6 10.f5 Nxc4 11.Qxc4 gxf5 12.Bxh6 Bxh6 13.exf5 c6 14.Rae1 Bxf5 15.d5 Rc8
16.Nd4 Bg6 17.Kh1 O-O 18.dxc6 Bg7 19.Nd5 e6 20.c7 Qd7 21.Nf6+ Bxf6 22.Rxf6 Rxc7
23.Qb3 d5 24.Qg3 Re8 25.Nxe6 Qc6 26.Rxg6+ fxg6 27.Qxg6+ Kh8 28.Re5 Ree7 29.Rxh5+ Rh7
30.Qf6+  1-0

[Event "GER-ch U16"]
[Site "Oberhof"]
[Date "1999.??.??"]
[Round "?"]
[White "Tydecks, Hermann"]
[Black "Nguyen Hoang"]
[Result "1/2-1/2"]
[WhiteElo "2010"]
[BlackElo "1820"]

1.e4 d6 2.d4 g6 3.Nc3 Bg7 4.Bg5 c6 5.Nf3 Qc7 6.h3 Nf6 7.Bd3 O-O 8.Qd2 Nbd7
9.O-O e5 10.Bh6 Re8 11.Bxg7 Kxg7 12.Rfe1 b5 13.a3 Bb7 14.Ne2 a6 15.dxe5 Nxe5
16.Nxe5 dxe5 17.Ng3 h6 18.Rad1 Rad8 19.Qe3 Rd7 20.c3 Red8 21.b4 a5 22.Kf1 axb4
23.axb4 Bc8 24.Ke2 Qa7 25.Qxa7 Rxa7 26.Ra1 Rdd7 27.Bc2 Kf8 28.Nf1 Rdc7 29.Bd3 Be6
30.h4 Ke7 31.Ne3 Ng4 32.Nc2 Nf6 33.Ne3 Ng4  1/2-1/2

[Event "GER-ch U16"]
[Site "Oberhof"]
[Date "1999.??.??"]
[Round "?"]
[White "Tydecks, Hermann"]
[Black "Paehtz, Thomas Jr"]
[Result "0-1"]
[WhiteElo "2010"]
[BlackElo "2160"]

1.e4 g6 2.d4 Bg7 3.Nc3 d6 4.Bg5 a6 5.Qd2 b5 6.a4 b4 7.Nd5 a5 8.c3 c6 9.Ne3 Nf6
10.f3 Qb6 11.Nc4 Qb7 12.cxb4 axb4 13.a5 O-O 14.Ra4 c5 15.Nb6 Ra7 16.dxc5 dxc5
17.Bc4 Nbd7 18.Bd5 Qc7 19.Nc4 Nxd5 20.exd5 Ne5 21.Ne3 Ba6  0-1

[Event "Recklinghausen op"]
[Site "Recklinghausen"]
[Date "1999.??.??"]
[Round "5"]
[White "Kedziora, Claus"]
[Black "Muse, Mladen"]
[Result "1-0"]
[WhiteElo "2265"]
[BlackElo "2470"]

1.e4 g6 2.d4 Bg7 3.Nc3 d6 4.Nf3 a6 5.Be3 Nd7 6.Qd2 b5 7.a4 b4 8.Na2 a5 9.Bd3 Bb7
10.O-O Ngf6 11.Bh6 O-O 12.Rfe1 e5 13.c3 d5 14.Bxg7 Kxg7 15.exd5 exd4 16.cxb4 Bxd5
17.Nxd4 c5 18.bxc5 Nxc5 19.Bb5 Nce4 20.Qd1 Qb6 21.Nc3 Rad8 22.Qd3 Ba8 23.Rad1 Rd6
24.Nxe4 Bxe4 25.Nf5+ Bxf5 26.Qxd6 Qb7 27.Qe5 Be6 28.Rd4 Rc8 29.Rf4 Qe7 30.g4 Rc5
31.Qd4 Rd5 32.Qc3 Rc5  1-0

[Event "Recklinghausen op"]
[Site "Recklinghausen"]
[Date "1999.??.??"]
[Round "7"]
[White "Barthel, Ansgar"]
[Black "Muse, Mladen"]
[Result "0-1"]
[WhiteElo "2215"]
[BlackElo "2470"]

1.e4 g6 2.d4 Bg7 3.Nc3 d6 4.Be3 a6 5.Qd2 Nd7 6.f3 b5 7.a4 b4 8.Nd1 Rb8 9.d5 Ngf6
10.Ba7 Ra8 11.Bd4 e6 12.dxe6 fxe6 13.Bc4 c5 14.Be3 Ne5 15.Be2 O-O 16.Nf2 Nf7
17.Ngh3 Qe7 18.Nd3 a5 19.e5 Nxe5 20.Nxe5 dxe5 21.Rd1 Nd5 22.Bg5 Qa7 23.Bc4 Nb6
24.Bb5 Nd5 25.Bc4 e4 26.Bxd5 exd5 27.Qxd5+ Kh8 28.fxe4 c4 29.Bh4  0-1

[Event "Recklinghausen op"]
[Site "Recklinghausen"]
[Date "1999.??.??"]
[Round "9"]
[White "Schmittdiel, Eckhard"]
[Black "Muse, Mladen"]
[Result "0-1"]
[WhiteElo "2505"]
[BlackElo "2470"]

1.e4 g6 2.d4 Bg7 3.Nc3 d6 4.Be3 a6 5.Qd2 Nd7 6.a4 b6 7.f3 e6 8.h4 h5 9.Nge2 Ne7
10.Nf4 Nf6 11.Nd3 c5 12.dxc5 bxc5 13.e5 dxe5 14.Nxc5 Nfd5 15.Rd1 Qc7 16.N3e4 O-O
17.Bf2 Nf5 18.c3 Bh6 19.Qe2 Rb8 20.b4 a5 21.b5 Nfe3 22.Rd3 f5 23.Bxe3 Bxe3
24.Rxe3 fxe4 25.Nxe4 Bb7 26.c4 Nxe3 27.Qxe3 Bxe4 28.Qxe4 Rf6 29.Bd3 Qc5 30.Ke2 Rd8
31.Rd1 Rd4 32.Qa8+ Rf8 33.Qxa5 e4 34.fxe4 Rf2+ 35.Kxf2 Rxd3+ 36.Kf1 Rxd1+
37.Ke2 Qd4  0-1

[Event "Rio de Janeiro op"]
[Site "Rio de Janeiro"]
[Date "1999.??.??"]
[Round "5"]
[White "Silver, Albert W"]
[Black "Guimaraes, Wagner Peixoto"]
[Result "0-1"]
[WhiteElo "2225"]
[BlackElo "2246"]

1.e4 g6 2.d4 Bg7 3.Nc3 d6 4.Be3 a6 5.Qd2 b5 6.O-O-O Bb7 7.f3 Nd7 8.g4 c6
9.h4 h5 10.g5 Qa5 11.Kb1 Nb6 12.Qf2 Nc4 13.Bxc4 bxc4 14.Nge2 Rb8 15.Bc1 Bc8
16.Qe3 e5 17.dxe5 dxe5 18.Qd2 Be6 19.Qd6 Rc8 20.Be3 Bf8 21.Qd2 Bb4 22.a3 Be7
23.Qe1 Rb8 24.Ka2 Rxb2+ 25.Kxb2 Bxa3+ 26.Ka1 Bc5+ 27.Na2 c3 28.Nc1 Bb4 29.Nb3 Qa4
30.Rb1 a5 31.Rh2 Qb5 32.Nc5 Bxa2 33.Kxa2 Qc4+ 34.Nb3 a4 35.Qe2 axb3+ 36.Rxb3 Qxe2
37.Rxe2 c5 38.Bc1 Ne7 39.Kb1 Nc6 40.Be3 Na5 41.Bxc5 Nxb3 42.Bxb4 Nd2+ 43.Kc1 Nxf3
44.Bxc3 Ke7 45.Rf2 Nxh4 46.Bxe5 Rc8 47.Bg3 Rc4 48.Bxh4 Rxe4 49.Bg3 Rg4 50.Be5 Ke6
51.Bf6 h4 52.Rh2 Kf5 53.Kd2 Ra4 54.Kd3 Kg4 55.c4 Ra5 56.Kd4 Kg3 57.Rh1 h3
58.c5 Kg2 59.Rc1 h2 60.Rc2+ Kg1 61.Rxh2 Kxh2 62.Kd5 Ra2 63.c6 Rd2+ 64.Kc5 Rd1
65.c7 Rc1+ 66.Kd6 Kh3 67.Kd7 Rd1+ 68.Ke8 Rc1 69.Kd7 Rd1+ 70.Ke7 Rc1 71.Be5 Kg4
72.Bf6 Rxc7+  0-1

[Event "RUS-ch U18 Girls"]
[Site "Rybinsk"]
[Date "1999.??.??"]
[Round "?"]
[White "Kosintseva, Nadezhda"]
[Black "Mirzoeva, Elvira"]
[Result "1-0"]
[WhiteElo "2209"]
[BlackElo "2161"]

1.e4 g6 2.d4 Bg7 3.Nc3 d6 4.Be3 Nf6 5.Qd2 Ng4 6.Bg5 h6 7.Bh4 c6 8.h3 Nf6
9.f4 b6 10.g4 Na6 11.Bg2 Nc7 12.O-O-O Bb7 13.Kb1 Qd7 14.Bf3 Nh7 15.Bg3 O-O-O
16.Qg2 g5 17.f5 Nb5 18.Nxb5 cxb5 19.Ne2 e6 20.Rd3 Kb8 21.e5 d5 22.Rb3 Bf8
23.a3 Rc8 24.Nc3 a6 25.f6 Rc4 26.Rd1 a5 27.Na2 b4 28.Be2 Qa4 29.Qf1 bxa3
30.Bxc4 dxc4 31.Rxb6 Qd7 32.Nc3 Ka7 33.Rb5 Bb4 34.Qxc4 Ba6  1-0

[Event "PUR-ch"]
[Site "San Juan"]
[Date "1999.??.??"]
[Round "?"]
[White "Montalvo, Alejandro"]
[Black "Davila, Juan"]
[Result "1-0"]
[WhiteElo "2500"]
[BlackElo "2500"]

1.e4 g6 2.d4 Bg7 3.Nc3 d6 4.Be3 a6 5.f3 b5 6.Qd2 Nd7 7.a4 b4 8.Nd1 a5 9.Nh3 Nb6
10.Nhf2 Bd7 11.b3 Nf6 12.Rc1 c6 13.Be2 h5 14.O-O d5 15.e5 Ng8 16.Nd3 Bf5
17.c3 bxc3 18.Qxc3 Nh6 19.Qxc6+ Bd7 20.Qc7 Nf5 21.Qxd8+ Kxd8 22.Bf2 Bh6 23.Rc2 e6
24.g4 Ne7 25.Nc5 Bc8 26.Bb5 Nd7 27.Be3 Bxe3+ 28.Nxe3 Nxc5 29.Rxc5 Bd7 30.Rfc1 Ra7
31.Bd3 Nc8 32.gxh5 gxh5 33.f4 Ne7 34.Kf2 Ng6 35.Bxg6 fxg6 36.Kg3 Rf8 37.R1c3 Ke7
38.Rc7 Rxc7 39.Rxc7 Rb8 40.Rc3 Rb7 41.h4 Kd8 42.Kf3 Be8 43.Ke2 Rf7 44.Ng2 Rb7
45.Ke3 Bd7 46.Ne1 Be8 47.Nd3 Bd7 48.Nc5 Rb8 49.Rc2 Ke7 50.Rg2 Be8 51.Kd3 Rb6
52.Kc3 Rb4 53.Rb2 Kf7 54.Nd3 Rb8 55.b4 axb4+ 56.Rxb4 Rc8+ 57.Nc5 g5 58.fxg5 Kg6
59.a5 Kf5 60.a6 Bc6 61.Rb6 Kg4 62.a7 Rc7 63.Rxc6 Rxa7 64.Nxe6 Kxh4 65.g6  1-0

[Event "IGSP opA"]
[Site "Sao Caetano do Sul"]
[Date "1999.??.??"]
[Round "5"]
[White "D'Israel, Davy"]
[Black "Barrionuevo, Alfredo Carlos"]
[Result "1-0"]
[WhiteElo "2250"]
[BlackElo "2095"]

1.d4 g6 2.e4 Bg7 3.Nc3 d6 4.Be3 Nf6 5.Qd2 Ng4 6.Bg5 c5 7.d5 Bd7 8.h3 Qb6
9.Rb1 Nf6 10.Nf3 Na6 11.Be2 Nc7 12.O-O O-O 13.Rfe1 Rfe8 14.e5 dxe5 15.Nxe5 Bb5
16.Nc4 Bxc4 17.Bxc4 Qb4 18.Qe2 a6 19.a3 Qa5 20.Qf3 b5 21.d6 bxc4 22.dxc7 Qxc7
23.Qe2 Rad8 24.Qxc4 Nh5 25.Nd5 Qb7 26.Rxe7 Qb5 27.Nf6+  1-0

[Event "Staufer-Open 11th"]
[Site "Schwaebisch Gmuend"]
[Date "1999.??.??"]
[Round "3"]
[White "Duppel, Matthias"]
[Black "Lederle, Vitus"]
[Result "0-1"]
[WhiteElo "2310"]
[BlackElo "2085"]

1.e4 g6 2.d4 Bg7 3.Nc3 d6 4.Nf3 Nf6 5.Be3 O-O 6.Qd2 e5 7.O-O-O Qe7 8.Bg5 c6
9.Kb1 Bg4 10.h3 Bxf3 11.gxf3 Nbd7 12.h4 Rfd8 13.d5 c5 14.h5 h6 15.Bxh6 Nxh5
16.Ne2 Qf6 17.Bg5 Qxf3 18.Rh3 Qxe4 19.Bxd8 Rxd8 20.Ng3 Nxg3 21.Rxg3 Nf6 22.Bg2 Qd4
23.Rb3 Qxd2 24.Rxd2 Rd7 25.a4 Rc7 26.a5 Nd7 27.Bf1 e4 28.c3 Ne5 29.Ra3 Bh6
30.Rc2 c4 31.b3 cxb3 32.Rxb3 Nd3 33.c4 Nc5 34.Rg3 Bf4 35.Rg4 Be5 36.Bg2 Kf8
37.f4 Bf6 38.f5 gxf5 39.Rf4 Bd4 40.Rxf5 Re7 41.Re2 e3 42.Kc2 b6 43.Rf4 Bg7
44.Rf3 Bd4 45.Rf4 Be5 46.Rf3 bxa5 47.Rfxe3 a4 48.Kb1 Rb7+ 49.Ka2 Rb4 50.Rc2 a5
51.Bf1 Rb3 52.Re1 Na6  0-1

[Event "Staufer-Open 11th"]
[Site "Schwaebisch Gmuend"]
[Date "1999.??.??"]
[Round "5"]
[White "Sonnberger, Reinhard"]
[Black "Lederle, Vitus"]
[Result "1-0"]
[WhiteElo "2305"]
[BlackElo "2085"]

1.e4 g6 2.d4 Bg7 3.Nc3 d6 4.Be3 Nf6 5.Qd2 c6 6.Bh6 O-O 7.f3 Nbd7 8.h4 b5
9.h5 e5 10.hxg6 fxg6 11.O-O-O exd4 12.Qxd4 Bxh6+ 13.Rxh6 Ne5 14.Rh1 Nf7 15.f4 c5
16.Qe3 a6 17.e5 Qe8 18.Nf3 Ng4 19.Qe1 dxe5 20.Qh4 h6 21.Bd3 Bf5 22.Bxf5 gxf5
23.fxe5 Nfxe5 24.Rhe1 b4 25.Nd5 Qe6 26.Nxe5  1-0

[Event "Staufer-Open 11th"]
[Site "Schwaebisch Gmuend"]
[Date "1999.??.??"]
[Round "6"]
[White "Timmermans, Ivo"]
[Black "Birkmann, Guenther"]
[Result "1-0"]
[WhiteElo "2225"]
[BlackElo "2060"]

1.e4 g6 2.d4 Bg7 3.Nc3 d6 4.f4 Nf6 5.Nf3 e6 6.Bd3 O-O 7.O-O Nbd7 8.e5 Ne8
9.Ne4 c5 10.c3 cxd4 11.cxd4 dxe5 12.fxe5 f6 13.exf6 Nexf6 14.Kh1 e5 15.Bc4+ Kh8
16.Neg5 Qc7 17.Nf7+ Rxf7 18.Bxf7 e4 19.Ng5 Nf8 20.Bb3 Bg4 21.Nf7+ Qxf7 22.Bxf7 Bxd1
23.Rxd1 Ng4 24.Re1 Bxd4 25.h3 Nf6 26.Bg5 Kg7 27.Bxf6+ Bxf6 28.Bd5 Rd8 29.Bxb7 Ne6
30.Bxe4 Bxb2 31.Rad1 Bd4 32.Bxg6  1-0

[Event "Staufer-Open 11th"]
[Site "Schwaebisch Gmuend"]
[Date "1999.??.??"]
[Round "9"]
[White "Grund, Holger"]
[Black "Podzielny, Karl Heinz"]
[Result "0-1"]
[WhiteElo "2345"]
[BlackElo "2500"]

1.e4 d6 2.d4 g6 3.Nc3 Bg7 4.Be3 a6 5.Qd2 Nd7 6.f3 b5 7.a4 b4 8.Nd1 Rb8 9.Bc4 e6
10.Ne2 Ngf6 11.a5 O-O 12.O-O Qe7 13.Nf2 Bb7 14.Bg5 Rfd8 15.Nd3 c5 16.dxc5 Ne5
17.Nxe5 dxe5 18.Qe3 h6 19.Bh4 Ng4 20.Qf2 g5 21.fxg4 gxh4 22.Nc1 Bxe4 23.Bxa6 h3
24.gxh3 Ba8 25.Nb3 e4 26.Qe3 Bxb2 27.Rad1 Bg7 28.Bc4 Bf6 29.Rd6 Bg5 30.Qd4 Qa7
31.Kf2 Qb7 32.Ke2 e3 33.Kd1 Qg2 34.Be2 Be4 35.Nc1 b3 36.cxb3 Rxd6 37.cxd6 Rc8
38.Nd3 Bd5 39.Qb2 Rc3 40.Nc5 Rxc5 41.d7 Bxb3+ 42.Qxb3 Rd5+  0-1

[Event "Sportland-NRW-Cup"]
[Site "Senden"]
[Date "1999.??.??"]
[Round "6"]
[White "Michalczak, Thomas"]
[Black "Armbruster, Alexander"]
[Result "1/2-1/2"]
[WhiteElo "2265"]
[BlackElo "2205"]

1.e4 g6 2.d4 Bg7 3.Nc3 d6 4.Be3 Nf6 5.f3 c6 6.Qd2 b5 7.g4 O-O 8.Nge2 e5 9.h4 b4
10.Nd1 exd4 11.Nxd4 d5 12.e5 Nfd7 13.f4 c5 14.Nf3 d4 15.Bg1 Nb6 16.g5 Bb7
17.Rh3 Qd5 18.b3  1/2-1/2

[Event "RUS-ch U16"]
[Site "Serpukhov"]
[Date "1999.??.??"]
[Round "8"]
[White "Skorchenko, Dmitry"]
[Black "Dezhurko, Arkadi"]
[Result "1-0"]
[WhiteElo "2332"]
[BlackElo "2138"]

1.d4 g6 2.e4 Bg7 3.Nc3 d6 4.f4 c6 5.Nf3 Nf6 6.Bd3 O-O 7.O-O Nbd7 8.e5 Nd5
9.Nxd5 cxd5 10.h4 Nb6 11.h5 Bg4 12.hxg6 hxg6 13.Qe1 Qd7 14.Qh4 Rfe8 15.Ng5 Bf5
16.Bxf5 gxf5 17.Qh7+ Kf8 18.e6 fxe6 19.Qg6 Kg8 20.Nxe6  1-0

[Event "Sevilla op"]
[Site "Sevilla"]
[Date "1999.??.??"]
[Round "1"]
[White "Korneev, Oleg"]
[Black "Marquez, B."]
[Result "1-0"]
[WhiteElo "2600"]
[BlackElo "1965"]

1.e4 d6 2.d4 g6 3.Nc3 Bg7 4.f4 c6 5.Nf3 Bg4 6.Be3 Nd7 7.h3 Bxf3 8.Qxf3 Qb6
9.O-O-O a5 10.e5 d5 11.g4 e6 12.f5 Nh6 13.Bd3 O-O-O 14.f6 Bf8 15.Kb1 Qa7
16.Ne2 Nb6 17.Bf4 Na4 18.Ka1 Ng8 19.h4 c5 20.Bb5 Nb6 21.dxc5 Bxc5 22.Be3 Nd7
23.Bxd7+ Rxd7 24.Bxc5 Qxc5 25.Nd4 Qb6 26.Qe3 Rc7 27.h5 Rc4 28.hxg6 fxg6 29.Rhf1  1-0

[Event "Sevilla op"]
[Site "Sevilla"]
[Date "1999.??.??"]
[Round "6"]
[White "Rodriguez, Amador"]
[Black "Montero Campuzano, Rafael"]
[Result "1-0"]
[WhiteElo "2495"]
[BlackElo "2175"]

1.e4 g6 2.d4 Bg7 3.Nc3 d6 4.Nf3 c6 5.Be3 b5 6.Bd3 Nd7 7.a4 b4 8.Nb1 a5 9.Qe2 Ngf6
10.Nbd2 O-O 11.h3 Qc7 12.O-O Bb7 13.Rfc1 Rfc8 14.c3 Qb6 15.Nc4 Qc7 16.cxb4 axb4
17.e5 Nd5 18.Bd2 Nf8 19.Be4 Ba6 20.Qe1 Qb8 21.Na5 Qb6 22.Nxc6 Rxc6 23.Bxd5 Rxc1
24.Rxc1 Bb7 25.Bxb7 Qxb7 26.b3 Qd5 27.Qe3 dxe5 28.dxe5 Nd7 29.Bxb4 Rb8 30.Bxe7 Nxe5
31.Nxe5 Bxe5 32.b4 Re8 33.Bf6 Bh2+ 34.Kxh2 Qd6+  1-0

[Event "Villa de Sitges 35th"]
[Site "Sitges"]
[Date "1999.??.??"]
[Round "2"]
[White "Goldberg, Menashe"]
[Black "Cuijpers, Frans Andre"]
[Result "0-1"]
[WhiteElo "2080"]
[BlackElo "2450"]

1.e4 g6 2.d4 Bg7 3.Nc3 d6 4.Bg5 c5 5.Bb5+ Bd7 6.Bxd7+ Nxd7 7.Nge2 Ngf6 8.Bxf6 Bxf6
9.Nd5 Bg7 10.O-O cxd4 11.Nxd4 O-O 12.c3 Rc8 13.Qe2 Nc5 14.Rad1 e6 15.Nb4 Qb6
16.Kh1 Na4 17.f4 a5 18.Nd3 Rxc3 19.Nf3 Rc6 20.f5 Qb5 21.Ng5 Nxb2 22.f6 Bxf6
23.Rxf6 Nxd1 24.h4 Rc3 25.Qg4 Ne3 26.Qg3 Qxd3 27.Nxe6 Qd1+ 28.Kh2 Ng4+  0-1

[Event "St Lorrain"]
[Site "St Lorrain"]
[Date "1999.??.??"]
[Round "2"]
[White "Murie, Eric"]
[Black "Germes, Bernard"]
[Result "0-1"]
[WhiteElo "2080"]
[BlackElo "2010"]

1.e4 g6 2.d4 Bg7 3.Nc3 d6 4.Be2 Nc6 5.Be3 e5 6.d5 Nce7 7.g4 c6 8.Qd2 cxd5
9.Nxd5 Nxd5 10.exd5 Qc7 11.a4 Nf6 12.Bb5+ Bd7 13.Bxd7+ Qxd7 14.g5 Ng4 15.Ne2 Nxe3
16.Qxe3 h6 17.gxh6 Rxh6 18.Qd3 a6 19.Ra3 Kf8 20.b4 Rh5 21.b5 axb5 22.axb5 Rxa3
23.Qxa3 Bf6 24.Ng3 Bd8 25.Qd3 f5 26.O-O Qh7 27.Qa3 Be7 28.Qa8+ Kf7 29.Qxb7 Rxh2
30.Qd7 Qh3  0-1

[Event "White Nights op"]
[Site "St Petersburg"]
[Date "1999.??.??"]
[Round "7"]
[White "Grigoriev, Vitaly"]
[Black "Ljavdansky, Vladimir"]
[Result "1/2-1/2"]
[WhiteElo "2175"]
[BlackElo "2306"]

1.e4 d6 2.d4 g6 3.Nc3 Bg7 4.Be3 Nf6 5.f3 O-O 6.Qd2 e5 7.d5 Nh5 8.g4 Nf4 9.O-O-O c5
10.Nge2 Nd7 11.h4 a6 12.h5 g5 13.h6 Bf6 14.Ng3 b5 15.Nf5 Nb6 16.Qf2 Rb8 17.Kb1 Re8
18.Ne2 Bxf5 19.gxf5 Qc7 20.Ng3 Bd8 21.Bxf4 exf4 22.Nh5 Kh8 23.Rg1 Qe7 24.Rg4 Qe5
25.c3 c4 26.Qg2 Nd7 27.f6 Bxf6 28.Nxf6 Qxf6 29.Rxg5 Rg8 30.Rxg8+ Rxg8 31.Qh3 Ne5
32.Be2 Qg5 33.Rf1 Qf6 34.Rd1 Qg6 35.Rf1 Re8 36.Rf2 Qf6 37.Rg2 Ng6 38.Qd7 Qe7
39.Qf5 Rb8 40.Kc2 a5 41.a3 a4 42.Rg1 Rd8 43.Rg2 Rd7 44.Rg5 Rd8 45.Qg4 Rg8
46.Qg1 f6 47.Qd4 Ne5 48.Rxg8+ Kxg8 49.Qg1+ Kf8 50.Qb6 Qd7 51.Qg1 Ng6 52.Qh2 Ke7
53.Qg2 Qa7 54.Qg4 Qd7 55.Qg2 Kd8 56.Qg1 Qc7 57.Qg4 Qc8 58.Qg1 Kc7 59.Qd4 Ne5
60.Qg1 Ng6 61.Qd4 Ne5  1/2-1/2

[Event "White Nights op"]
[Site "St Petersburg"]
[Date "1999.??.??"]
[Round "9"]
[White "Grigoriev, Vitaly"]
[Black "Kryschilovskij, Andrej"]
[Result "1/2-1/2"]
[WhiteElo "2175"]
[BlackElo "2391"]

1.e4 g6 2.d4 Bg7 3.Nc3 d6 4.Be3 c6 5.Qd2 b5 6.Bd3 Nd7 7.Nge2 a6 8.O-O c5
9.dxc5 Nxc5 10.a4 b4 11.Nd5 a5 12.Bb5+ Bd7 13.Bxd7+ Nxd7 14.c3 bxc3 15.Nexc3 Ngf6
16.Bh6 O-O 17.Bxg7 Kxg7 18.Qd4 Kg8 19.Rac1 Rb8 20.Nxf6+ Nxf6 21.Nb5 Qb6 22.Qxb6 Rxb6
23.f3 Nd7 24.b3 Nc5 25.Rc3 f6 26.Kf2 Kf7 27.Ke3 g5 28.Rd1 h5 29.Rd5 h4 30.h3 Rbb8
31.Rd1 Rb6 32.Rd5  1/2-1/2

[Event "SVK-chT 9899"]
[Site "SVK"]
[Date "1999.??.??"]
[Round "6"]
[White "Certek, Pavel"]
[Black "Petran, Peter"]
[Result "1/2-1/2"]
[WhiteElo "2270"]
[BlackElo "2435"]

1.d4 g6 2.e4 Bg7 3.Nc3 d6 4.Nf3 Nf6 5.Be2 O-O 6.O-O Bg4 7.Be3 Nc6 8.Nd2 Bxe2
9.Qxe2 e5 10.dxe5 dxe5 11.Rad1 Qc8 12.Nb3 Nd8 13.Nd5  1/2-1/2

[Event "SVK-chT 9899"]
[Site "SVK"]
[Date "1999.??.??"]
[Round "7"]
[White "Janko, Ladislav"]
[Black "Danek, Pavol"]
[Result "1-0"]
[WhiteElo "2195"]
[BlackElo "2230"]

1.e4 d6 2.d4 g6 3.Nc3 Bg7 4.Bg5 c5 5.d5 Nf6 6.Be2 Bd7 7.a4 Na6 8.Nf3 Nc7
9.O-O O-O 10.Nd2 a6 11.a5 Nb5 12.Na4 h6 13.Be3 Nd4 14.Bxd4 cxd4 15.Nb6 Rb8
16.Re1 Nh7 17.Bf1 e5 18.dxe6 Bxe6 19.Bc4 Qf6 20.Bxe6 fxe6 21.Nd7 Qxf2+ 22.Kh1 Ng5
23.Nxf8 Rxf8 24.Rf1 Qh4 25.Rxf8+ Bxf8 26.Nf3 Qxe4 27.Nxg5 hxg5 28.Qd3 d5
29.Qxe4 dxe4 30.Kg1 Bd6 31.Kf1 Kf7 32.Re1 e3 33.Ke2 Bb4 34.Ra1 e5 35.Kd3 Bd2
36.Ra3 e4+ 37.Ke2 Ke6 38.Rb3 Kd5 39.Rxb7 Bxa5 40.Ra7 Kc4 41.Rxa6 Bb4 42.Re6 d3+
43.cxd3+ exd3+ 44.Kxe3 Bc5+ 45.Kd2 Bb4+ 46.Kd1 Bc5 47.Rxg6 Be3 48.Re6 Bd4
49.Re4  1-0